000 00687nam a22002177a 4500
003 UA-OsUOA
001 78664
007 ta
008 20111018b un ||||| |||| 00| 0 ukr d
100 _aМоссаковськиф В.
090 _a657
_bМ83
942 _cSA
040 _aUA-OsUOA
_bukr
_cUA-OsUOA
_dUA-OsUOA
245 _aПарадокси бухгалтерського обліку в Україні
300 _aС.30-36
955 _a0
041 _aukr
080 _a657
773 0 _w78657
_tБухгалтерський облік і аудит
_dК.
_d2011
_g9
650 7 _a657 Бухгалтерія. Бухгалтерський облік. Рахівництво
_2UDC
999 _c364978
_d364978